[Event "Olimpiade 2024 - Donne"]
[Site "Budapest"]
[Date "21.09.2024"]
[Round "10.54"]
[Board "2"]
[White "Sukhu, Gloria"]
[Black "Rivera Negron, Yanira"]
[Result "0-1"]
[WhiteTitle "WCM"]
[BlackTitle "WCM"]
[WhiteElo "1634"]
[BlackElo "1805"]
[WhiteTeam "Fiji"]
[BlackTeam "Puerto Rico"]
[WhiteFideId "11400099"]
[BlackFideId "3101177"]
[EventDate "2024.09.11"]

1. Nf3 d5 2. d4 Nf6 3. c4 e6 4. g3 c6 5. Bg2 dxc4 6. O-O b5 7. Nc3 Bb7 8. Bf4
Nd5 9. Bd2 Nd7 10. a3 a5 11. e4 Nxc3 12. bxc3 Be7 13. Qc2 O-O 14. Be3 c5 15.
Rfd1 Qc7 16. Bf4 Bd6 17. e5 Be7 18. Bg5 Bxg5 19. Nxg5 g6 20. Qe2 Bxg2 21. Kxg2
cxd4 22. cxd4 Qc6+ 23. f3 b4 24. axb4 axb4 25. Rxa8 Rxa8 26. Kh3 b3 27. Qb2 Ra2
28. Qc3 Qb5 29. Ne4 Rc2 30. Qe3 Kg7 31. Qf4 Qb8 32. Nd6 Qf8 33. g4 f6 34. Qg3 b2
35. Ne4 Rc1 36. Qe1 Rxd1 37. Qxd1 Qa3 38. Nd2 c3 39. Nb1 c2 40. exf6+ Nxf6 41.
Qe2 cxb1=Q 42. g5 Qf5+ 43. Kg2 Qxg5+ 44. Kf2 Qh4+ 45. Kg2 Qd6 0-1

[Event "Olimpiade 2024 - Donne"]
[Site "Budapest"]
[Date "21.09.2024"]
[Round "10.54"]
[Board "3"]
[White "Vega Jimenez, Keyshla M."]
[Black "Terubea, Cydel"]
[Result "1-0"]
[WhiteTitle "WCM"]
[BlackTitle "WCM"]
[WhiteElo "1769"]
[BlackElo "1681"]
[WhiteTeam "Puerto Rico"]
[BlackTeam "Fiji"]
[WhiteFideId "3101851"]
[BlackFideId "11400455"]
[EventDate "2024.09.11"]

1. e4 d5 2. exd5 Nf6 3. Nf3 Nxd5 4. d4 e6 5. c4 Nf6 6. Nc3 c5 7. Bf4 a6 8. Qa4+
Bd7 9. Qd1 Be7 10. Ne5 O-O 11. Be2 cxd4 12. Qxd4 Nc6 13. Qd3 Nxe5 14. Bxe5 Bc6
15. Qg3 Ne8 16. Rd1 Qb6 17. b3 f5 18. O-O Bf6 19. Bf4 Bxc3 20. Qxc3 Rd8 21. c5
Qa7 22. Rxd8 b5 23. Rfd1 Qf7 24. Bf3 Be4 25. R1d7 Qg6 26. Bxe4 fxe4 27. Qg3 Qf6
28. Be5 Qh6 29. Qe3 Qg6 30. c6 Qf5 31. Rxe8 Rxe8 32. Rxg7+ 1-0

[Event "Olimpiade 2024 - Donne"]
[Site "Budapest"]
[Date "21.09.2024"]
[Round "10.55"]
[Board "1"]
[White "Sawan, Eman"]
[Black "Seine, Rose Berline"]
[Result "1/2-1/2"]
[WhiteTitle "WFM"]
[WhiteElo "1972"]
[BlackElo "1778"]
[WhiteTeam "Palestine"]
[BlackTeam "Haiti"]
[WhiteFideId "11511729"]
[BlackFideId "11900547"]
[EventDate "2024.09.11"]

1. e4 e5 2. Nf3 Nc6 3. Bb5 a6 4. Ba4 Be7 5. O-O Nf6 6. Re1 b5 7. Bb3 d6 8. c3
Na5 9. Bc2 c5 10. d4 Qc7 11. h3 O-O 12. Nbd2 Bd7 13. Nf1 Rfc8 14. Ne3 Bf8 15.
Qd3 g6 16. Qf1 exd4 17. cxd4 Re8 18. dxc5 Qxc5 19. b4 Qxb4 20. Bd2 Qa3 21. Reb1
Nc6 22. Nd5 Bg7 23. Nc7 Qc5 24. Bd3 Nd4 25. Nxa8 Nxf3+ 26. gxf3 Rxa8 27. Rc1 Qh5
28. Qg2 Bxh3 29. Qg3 Nd7 30. Bc3 Ne5 31. Be2 g5 32. Rd1 Ng6 33. Bxg7 Kxg7 34.
Rd5 h6 35. Rad1 Nf4 36. Qxf4 Be6 37. Qd2 Bxd5 38. Qd4+ f6 39. Qxd5 Ra7 40. Qxd6
Qf7 41. Rd5 Qe7 42. Qxe7+ Rxe7 43. Rd6 Ra7 44. Rb6 Kf7 45. Bd1 h5 46. Bb3+ Kg7
47. Kg2 a5 48. Rxb5 a4 49. Bd5 Ra6 50. a3 Kf8 51. Rb4 Ke7 52. Bc4 Ra5 53. Rb5
Ra7 54. Rb6 Rc7 55. Rb4 Ra7 56. Bb5 Kd6 57. Rxa4 Rb7 58. Be8 h4 59. Ra6+ Ke5 60.
Bg6 Rb3 61. Bf5 Kf4 62. Bg4 Ke5 63. a4 Ra3 64. Ra8 Kd4 65. a5 Kd3 66. a6 Kd2 67.
a7 Ke1 68. Be6 Ra6 69. Bd5 Ra3 70. Rf8 Rxa7 71. Rxf6 Rh7 72. e5 h3+ 73. Kh2 Kxf2
74. e6 Ra7 75. Rf7 Ra1 76. Kxh3 Rg1 77. f4 Rg3+ 78. Kh2 g4 79. Rh7 Re3 80. Bg2
Rxe6 81. f5 Rf6 82. Rh5 Rf8 83. Bd5 Rf6 84. Be4 Rf8 85. Rh4 Rf6 86. Rh5 Rf8 87.
Rh6 Rxf5 88. Bxf5 g3+ 89. Kh3 g2 90. Rg6 g1=Q 91. Rxg1 1/2-1/2

[Event "Olimpiade 2024 - Donne"]
[Site "Budapest"]
[Date "21.09.2024"]
[Round "10.55"]
[Board "2"]
[White "Cadeau, Merisena"]
[Black "Hamouri, Taqwa"]
[Result "0-1"]
[BlackTitle "WCM"]
[WhiteElo "1671"]
[BlackElo "1845"]
[WhiteTeam "Haiti"]
[BlackTeam "Palestine"]
[WhiteFideId "11900733"]
[BlackFideId "11506792"]
[EventDate "2024.09.11"]

1. d4 Nf6 2. c4 g6 3. Nc3 Bg7 4. e4 d6 5. Be2 Nbd7 6. Nf3 e5 7. d5 Nc5 8. Bg5 h6
9. Bxf6 Bxf6 10. b4 Nd7 11. O-O O-O 12. Qd2 Bg7 13. a3 f5 14. Qd3 f4 15. Rfd1 a6
16. Rac1 g5 17. Nd2 Nf6 18. Nb3 Bd7 19. Na5 b6 20. Nc6 Qe8 21. b5 a5 22. a4 Rf7
23. Kh1 Bf8 24. Rg1 Rg7 25. Rcf1 g4 26. g3 f3 27. Bd1 Rg5 28. h4 Rh5 29. Kh2 Rg5
30. Rh1 Rg6 31. Bc2 Qf7 32. Nd1 Nh5 33. Qd2 Re8 34. Rhg1 Bg7 35. Re1 Bf6 36. Ne3
Bxh4 37. Nf5 Bg5 38. Qc3 Bxf5 39. exf5 Rf6 40. Qd3 Nf4 41. Rh1 Nxd3 42. Bxd3 h5
43. Re4 Rxf5 44. Rhe1 Rf6 45. Bc2 h4 46. Rxg4 Qh5 47. Kh3 hxg3+ 48. Kxg3 Rf4 49.
Re4 Qxg4+ 0-1

[Event "Olimpiade 2024 - Donne"]
[Site "Budapest"]
[Date "21.09.2024"]
[Round "10.55"]
[Board "3"]
[White "Faqeeh, Yara"]
[Black "Jonet, Davena"]
[Result "1-0"]
[WhiteTitle "WCM"]
[WhiteElo "1671"]
[BlackElo "1659"]
[WhiteTeam "Palestine"]
[BlackTeam "Haiti"]
[WhiteFideId "11501642"]
[BlackFideId "11900636"]
[EventDate "2024.09.11"]

1. d4 d5 2. Bf4 Bf5 3. Nf3 e6 4. e3 Bd6 5. Bg3 Nf6 6. Nbd2 O-O 7. Be2 h6 8. Ne5
Nbd7 9. c3 Bxe5 10. dxe5 Ne4 11. f4 c6 12. Nxe4 Bxe4 13. O-O Qb6 14. Qd2 f6 15.
exf6 Nxf6 16. Bh4 Ne8 17. Bf3 Bxf3 18. gxf3 Nf6 19. Kh1 Rf7 20. Rg1 Rd8 21. Rg6
Kh8 22. Rag1 Rg8 23. Qg2 Qd8 24. Bxf6 Rxf6 25. Rxg7 Rgf8 26. Rh7+ Kxh7 27. Qg7# 1-0

[Event "Olimpiade 2024 - Donne"]
[Site "Budapest"]
[Date "21.09.2024"]
[Round "10.55"]
[Board "4"]
[White "Dunat, Kineberlie"]
[Black "Natsheh, Wajd"]
[Result "0-1"]
[WhiteElo "1582"]
[BlackElo "1739"]
[WhiteTeam "Haiti"]
[BlackTeam "Palestine"]
[WhiteFideId "11900814"]
[BlackFideId "11507748"]
[EventDate "2024.09.11"]

1. d4 d5 2. Bf4 c6 3. Nf3 Qb6 4. Qc1 Bf5 5. e3 e6 6. Nbd2 Nf6 7. c4 h6 8. c5 Qd8
9. Be2 Be7 10. O-O O-O 11. Qc3 Nh5 12. Bxb8 Rxb8 13. Ne5 Nf6 14. Bd3 Ne4 15. Qc2
f6 16. Nef3 Nxd2 17. Qxd2 Bxd3 18. Qxd3 e5 19. dxe5 fxe5 20. Nxe5 Bxc5 21. Qg6
Rf6 22. Qg4 Qd6 23. Nd7 Rg6 24. Qf5 Rg5 25. Qh3 Rd8 26. Nxc5 Qxc5 27. Rab1 Qa5
28. a3 c5 29. Qe6+ Kh7 30. Qe7 Qb6 31. b3 Rg6 32. Rfc1 Rgd6 33. h3 R8d7 34. Qe5
Qa5 35. b4 cxb4 36. axb4 Qd8 37. Qd4 b6 38. b5 Rc7 39. Qb4 Re7 40. Rc6 Rxc6 41.
bxc6 Re4 42. Qa3 Qc7 43. Qd3 Qxc6 44. Ra1 Qc4 45. Qb1 Kg8 46. Rxa7 Qc6 47. Qa1
Qf6 48. Ra6 Qxa1+ 49. Rxa1 b5 50. Rb1 b4 51. Kf1 Kf7 52. Rb3 Ke6 53. Ke2 g5 54.
g4 Kd6 55. Kd3 Kc5 56. f3 Rc4 57. e4 dxe4+ 58. fxe4 Rc1 59. Kd2 Rc4 60. Kd3 Rd4+
61. Ke3 Rd1 62. Ke2 Ra1 63. Kd2 Ra3 64. Rd3 Rxd3+ 65. Kxd3 b3 66. Kc3 b2 67.
Kxb2 Kd4 68. Kc2 Kxe4 69. Kd2 Kf3 70. h4 gxh4 71. Ke1 h3 0-1

[Event "Olimpiade 2024 - Donne"]
[Site "Budapest"]
[Date "21.09.2024"]
[Round "10.56"]
[Board "1"]
[White "Bouzana, Christina"]
[Black "Ravelomanana, Sabine"]
[Result "1/2-1/2"]
[BlackTitle "WFM"]
[WhiteElo "1644"]
[BlackElo "1926"]
[WhiteTeam "Cyprus"]
[BlackTeam "Madagascar"]
[WhiteFideId "5905508"]
[BlackFideId "13100394"]
[EventDate "2024.09.11"]

1. d4 Nf6 2. c4 e6 3. Nc3 d5 4. cxd5 exd5 5. Bg5 Be7 6. e3 c6 7. Bd3 O-O 8. Qc2
Nbd7 9. Nf3 Re8 10. O-O Nf8 11. h3 g6 12. a3 Ne6 13. Bh4 Ng7 14. Na4 Bf5 15.
Bxf5 Nxf5 16. Bxf6 Bxf6 17. b4 Nd6 18. Rfe1 Bg7 19. Nc5 f5 20. a4 a6 21. Nd3 Rc8
22. Nfe5 Re7 23. Rac1 g5 24. f4 Bf6 25. Qe2 Qe8 26. Nc5 Rg7 27. Kh2 Rcc7 28. g4
Rce7 29. gxf5 Nxf5 30. Qg4 Nd6 31. Rg1 h6 32. Ncd3 gxf4 33. Qxf4 Bg5 34. Qf3 Ne4
35. Rc2 Qb8 36. Kh1 Qd6 37. Rcg2 Qf6 38. Nf4 Bxf4 39. exf4 Qf5 40. Kh2 Kh7 41.
Rxg7+ Rxg7 42. Rxg7+ Kxg7 43. Qg4+ Qxg4 44. hxg4 Nc3 45. a5 Ne2 46. f5 Nxd4 47.
Kg3 Nc2 48. Nd3 Kf6 49. Kh4 d4 50. Kh5 Ne3 51. Nf2 Nxf5 52. gxf5 Kxf5 53. Kxh6
Ke5 54. Kg5 Kd5 55. Kf4 Kc4 56. Ke4 Kxb4 57. Kxd4 c5+ 58. Kd3 Kxa5 59. Kc4 b5+
60. Kxc5 Ka4 61. Nd3 a5 62. Nb2+ 1/2-1/2

[Event "Olimpiade 2024 - Donne"]
[Site "Budapest"]
[Date "21.09.2024"]
[Round "10.56"]
[Board "2"]
[White "Raharimanana, Faratiana"]
[Black "Sokolova, Larisa"]
[Result "0-1"]
[WhiteTitle "WFM"]
[WhiteElo "1815"]
[BlackElo "1705"]
[WhiteTeam "Madagascar"]
[BlackTeam "Cyprus"]
[WhiteFideId "13100378"]
[BlackFideId "5904919"]
[EventDate "2024.09.11"]

1. d4 d5 2. Nf3 Nf6 3. g3 c5 4. c3 cxd4 5. cxd4 Nc6 6. Bg2 Bf5 7. O-O e6 8. a3
Bd6 9. Nc3 a6 10. Bg5 h6 11. Bxf6 Qxf6 12. Rc1 O-O 13. b4 Qe7 14. Na4 a5 15. b5
Na7 16. b6 Nb5 17. e3 Nxa3 18. Qb3 Nc4 19. Rfd1 Ba3 20. Rc3 Bb4 21. Rcc1 f6 22.
h3 Rfc8 23. Bf1 Qd7 24. Nc5 Bxc5 25. dxc5 Qc6 26. g4 Be4 27. Nd4 Qxc5 28. f3
Bxf3 29. Nxf3 a4 30. Qc3 Qxb6 31. Rb1 Qxe3+ 32. Qxe3 Nxe3 33. Re1 Nxf1 34. Kxf1
e5 35. Rxb7 a3 36. Ra1 Rc2 37. Rb3 a2 38. Ne1 Rd2 39. Nf3 Rc2 40. Ne1 Rc4 41.
Ke2 Kf7 42. Kd3 Kg6 43. Nc2 Rf4 44. Ke3 Raa4 45. Ke2 h5 46. gxh5+ Kxh5 47. Ne1
Rae4+ 48. Kd2 Rf2+ 49. Kd3 Rf1 50. Rxa2 Rfxe1 51. Rab2 Rd4+ 52. Kc3 Re3+ 53. Kc2
Rxb3 54. Rxb3 f5 55. Rg3 g5 56. Re3 e4 0-1

[Event "Olimpiade 2024 - Donne"]
[Site "Budapest"]
[Date "21.09.2024"]
[Round "10.56"]
[Board "3"]
[White "Paunescu, Aida"]
[Black "Randriatsiferana, Dimbiharentsoa Christiana"]
[Result "1-0"]
[WhiteElo "1603"]
[BlackElo "1736"]
[WhiteTeam "Cyprus"]
[BlackTeam "Madagascar"]
[WhiteFideId "5908647"]
[BlackFideId "13106961"]
[EventDate "2024.09.11"]

1. d4 Nf6 2. c4 d6 3. Nc3 g6 4. e4 Bg7 5. f3 Nc6 6. Be3 Nd7 7. Qd2 e5 8. d5 Ncb8
9. Nge2 a5 10. a4 Nf6 11. g4 Na6 12. Nc1 Nd7 13. Nd3 b6 14. h4 Nf8 15. Be2 f5
16. gxf5 gxf5 17. O-O-O f4 18. Bf2 Bd7 19. Rdg1 Qe7 20. Bf1 O-O-O 21. Bh3 Kb7
22. h5 Be8 23. h6 Bxh6 24. Bh4 Qxh4 25. Bc8+ Rxc8 26. Rxh4 Nd7 27. Rxh6 Ndc5 28.
Nxc5+ Nxc5 29. Qc2 Na6 30. Kb1 Nb4 31. Qd2 Bg6 32. Na2 Na6 33. b3 Rhd8 34. Kb2
Nc5 35. Nc3 Na6 36. Ne2 Rf8 37. Nc1 Rf7 38. Nd3 Ra8 39. Ne1 Nc5 40. Qe2 Raf8 41.
Rf1 Ka7 42. Ng2 Bxe4 43. Ne1 Bg6 44. Qg2 Bf5 45. Rh5 Bg6 46. Rg5 Rf6 47. Rh1 e4
48. Qh2 exf3 49. Nxf3 Re8 50. Nd4 Re4 51. Rd1 f3 52. Rxg6 Rxg6 53. Qxh7 Rg2+ 54.
Ka3 Re3 55. Qxc7+ Ka8 56. Qc8+ 1-0

[Event "Olimpiade 2024 - Donne"]
[Site "Budapest"]
[Date "21.09.2024"]
[Round "10.56"]
[Board "4"]
[White "Tsinjoviniavo, Aina Mahasambatra"]
[Black "Sokolova, Victoria"]
[Result "1/2-1/2"]
[WhiteElo "1662"]
[BlackElo "1682"]
[WhiteTeam "Madagascar"]
[BlackTeam "Cyprus"]
[WhiteFideId "13105450"]
[BlackFideId "5905460"]
[EventDate "2024.09.11"]

1. e4 c6 2. d4 d5 3. e5 c5 4. c3 cxd4 5. cxd4 Nc6 6. Nc3 Bf5 7. Bb5 a6 8. Ba4 e6
9. Nge2 Bb4 10. O-O Ne7 11. a3 Bxc3 12. Nxc3 O-O 13. Be3 Na5 14. Bc2 Rc8 15.
Bxf5 Nxf5 16. g4 Nxe3 17. fxe3 Nc4 18. Qe2 Qg5 19. Rf4 f6 20. exf6 Rxf6 21. Rxf6
gxf6 22. Re1 Nxa3 23. e4 Nb5 24. Nxb5 axb5 25. exd5 Qxd5 26. Qxe6+ Qxe6 27. Rxe6
Rd8 28. Re4 Kf7 29. Kf2 Rc8 30. Re2 Rd8 31. Rd2 Ke6 32. Ke3 Kd5 33. Kd3 Re8 34.
Rf2 Re1 35. Rf5+ Ke6 36. Rxb5 Rd1+ 37. Kc3 Rc1+ 38. Kb3 Rg1 39. h3 Rg3+ 40. Kc4
Rxh3 41. Rb6+ Kd7 42. Rxb7+ Kd6 43. Rb6+ Ke7 44. Kd5 h5 45. Rb7+ Kf8 46. gxh5
Rxh5+ 47. Ke6 Rh2 48. Kxf6 Rf2+ 49. Ke6 Re2+ 50. Kd6 Rh2 51. b4 Rh6+ 52. Kc5 Ke8
53. d5 Kd8 54. d6 Rh1 55. b5 Rc1+ 56. Kb6 Rd1 57. d7 Rd6+ 58. Ka7 Rd1 59. b6
Ra1+ 60. Kb8 Ra6 61. Ra7 Rxb6+ 62. Ka8 Rd6 63. Rb7 Rxd7 64. Rxd7+ Kxd7 1/2-1/2

[Event "Olimpiade 2024 - Donne"]
[Site "Budapest"]
[Date "21.09.2024"]
[Round "10.57"]
[Board "1"]
[White "Boitumelo Sethabathaba"]
[Black "Lopez L., Dairyn D."]
[Result "0-1"]
[WhiteElo "1571"]
[BlackElo "1740"]
[WhiteTeam "Lesotho"]
[BlackTeam "Guatemala"]
[WhiteFideId "21302782"]
[BlackFideId "7301502"]
[EventDate "2024.09.11"]

1. d4 d6 2. Bf4 g6 3. e3 Bg7 4. Nf3 Nf6 5. h3 Nbd7 6. Be2 O-O 7. O-O c5 8. c3 a6
9. a4 Re8 10. Na3 cxd4 11. cxd4 Nf8 12. Rc1 Bd7 13. Qb3 Bc6 14. Rfd1 Qd7 15. Qa2
Bxa4 16. b3 Bc6 17. Nc4 Qd8 18. Na5 Bd5 19. Nd2 Ne6 20. Bh2 Rc8 21. Bc4 b5 22.
Bxd5 Nxd5 23. Rxc8 Qxc8 24. Ra1 Qa8 25. Rc1 Rc8 26. Qb2 Nb4 27. Rc3 Nd5 28. Rc2
b4 29. Ndc4 Qb8 30. Bg3 Nc3 31. f3 Qb5 32. Qa1 d5 33. Ne5 Ne2+ 34. Rxe2 Qxe2 35.
Nac6 Bf6 36. Bf2 Qb5 37. g4 Rxc6 38. Nxc6 Qxc6 39. Qa5 h6 40. Qxb4 Qc1+ 41. Kg2
Qc2 42. Kg1 Ng5 43. Qb8+ Kg7 44. Qg3 Qxb3 45. h4 Ne6 46. f4 Nxd4 47. exd4 Qxg3+
48. Bxg3 Bxd4+ 49. Kg2 a5 50. Be1 a4 51. Bb4 e6 52. Ba3 Kf6 53. Kf3 h5 54. Bc1
Bc5 55. Bb2+ Ke7 56. g5 a3 57. Ba1 Kd6 58. Ke2 d4 59. Kd3 Kd5 60. Ke2 Ke4 61.
Kd2 Bb4+ 0-1

[Event "Olimpiade 2024 - Donne"]
[Site "Budapest"]
[Date "21.09.2024"]
[Round "10.57"]
[Board "2"]
[White "Raymundo, Deycy Daniela"]
[Black "Ntsielo, Bonolo"]
[Result "0-1"]
[WhiteElo "1728"]
[BlackElo "1757"]
[WhiteTeam "Guatemala"]
[BlackTeam "Lesotho"]
[WhiteFideId "7305184"]
[BlackFideId "21301921"]
[EventDate "2024.09.11"]

1. e4 e6 2. d4 d5 3. exd5 exd5 4. Bd3 Bd6 5. h3 Nf6 6. Nf3 O-O 7. O-O c6 8. Bg5
h6 9. Bh4 Nbd7 10. Bg3 Bxg3 11. fxg3 Ne4 12. g4 Ndf6 13. Nbd2 Re8 14. c3 Qb6 15.
Qc2 Bd7 16. Rae1 Ng3 17. Rxe8+ Rxe8 18. Re1 Rxe1+ 19. Nxe1 Qc7 20. Ndf3 Nfe4 21.
Ne5 Be8 22. Bxe4 Nxe4 23. N1f3 f6 24. Nd3 h5 25. gxh5 Bxh5 26. Nh2 Qg3 27. Nf1
Qd6 28. Qc1 g5 29. Qe3 Bg6 30. Nf2 Kf7 31. Nd2 Qg3 32. Qxg3 Nxg3 33. Ng4 Ke6 34.
Kf2 Nf5 35. Nb3 b6 36. a3 Nd6 37. Nd2 a5 38. g3 Nf5 39. b4 axb4 40. axb4 Nd6 41.
Ke3 Bf5 42. Nf2 Nb5 43. g4 Bg6 44. c4 Na3 45. cxd5+ Kxd5 46. Nde4 Nc2+ 47. Kf3
Nxd4+ 48. Ke3 Bxe4 49. Nxe4 Ke5 50. Nd2 Nc2+ 51. Kf3 b5 0-1

[Event "Olimpiade 2024 - Donne"]
[Site "Budapest"]
[Date "21.09.2024"]
[Round "10.57"]
[Board "3"]
[White "lintle molise"]
[Black "Santiago Sontay, Jenny Fernanda"]
[Result "1/2-1/2"]
[WhiteElo "1583"]
[BlackElo "1773"]
[WhiteTeam "Lesotho"]
[BlackTeam "Guatemala"]
[WhiteFideId "21303185"]
[BlackFideId "7303084"]
[EventDate "2024.09.11"]

1. Nf3 g6 2. d4 Bg7 3. e3 c5 4. Be2 Nf6 5. b3 d6 6. Bb2 Nbd7 7. Nbd2 O-O 8. O-O
b6 9. c4 e6 10. Re1 Bb7 11. Bf1 Ne4 12. Nxe4 Bxe4 13. Bd3 Bb7 14. e4 e5 15. d5
Qe7 16. Bc1 h6 17. Be3 Nf6 18. h3 Bc8 19. Qd2 Kh7 20. Rad1 Bd7 21. Nh4 Nh5 22.
Nf3 Nf6 23. Nh4 Nh5 24. Nf3 Nf6 25. Bc2 Ng8 26. Qc1 Nf6 27. Nh4 Nh5 28. Nf3 Nf6
29. Nh2 Ng8 30. Nf3 Nf6 31. Nh2 Ng8 32. Nf3 Nf6 1/2-1/2

[Event "Olimpiade 2024 - Donne"]
[Site "Budapest"]
[Date "21.09.2024"]
[Round "10.57"]
[Board "4"]
[White "Mazariegos, Silvia Carolina"]
[Black "Thetsane, Nteboheleng"]
[Result "1-0"]
[WhiteTitle "WIM"]
[WhiteElo "1878"]
[BlackElo "1645"]
[WhiteTeam "Guatemala"]
[BlackTeam "Lesotho"]
[WhiteFideId "7300115"]
[BlackFideId "21301930"]
[EventDate "2024.09.11"]

1. e4 e6 2. d3 d5 3. Nd2 c5 4. Ngf3 Nc6 5. g3 Bd6 6. Bg2 Nf6 7. O-O O-O 8. Re1
Qc7 9. Qe2 dxe4 10. dxe4 e5 11. h3 h6 12. c3 Nh7 13. g4 Re8 14. Qd3 Nf8 15. Nc4
Be7 16. Ne3 Be6 17. Bf1 Ng6 18. Nd5 Qd7 19. Be3 Rad8 20. Rad1 Bf8 21. Qb5 Qc8
22. Nh2 b6 23. Qa4 Qb8 24. Bb5 Na5 25. Bxe8 Rxe8 26. c4 Nb7 27. f3 Nd6 28. Qc2
Qd8 29. Nf1 Qh4 30. Kg2 Rc8 31. b3 Re8 32. Ng3 Qd8 33. Qe2 Kh8 34. Nf5 Qb8 35.
Nxd6 Bxd6 36. Qd2 Be7 37. Nxe7 Nxe7 38. Qd6 Qb7 39. Qxe5 Qa6 40. Bxh6 f6 41.
Qxe6 gxh6 42. Qxf6+ Kg8 43. Rd7 Qxa2+ 44. Kg3 Qa5 45. Red1 Qc3 46. Qxc3 1-0

[Event "Olimpiade 2024 - Donne"]
[Site "Budapest"]
[Date "21.09.2024"]
[Round "10.58"]
[Board "1"]
[White "Chuemsakul, Sarocha"]
[Black "Gertrude Banini"]
[Result "1-0"]
[WhiteTitle "WFM"]
[WhiteElo "1906"]
[BlackElo "1712"]
[WhiteTeam "Thailand"]
[BlackTeam "Ghana"]
[WhiteFideId "6203710"]
[BlackFideId "12603570"]
[EventDate "2024.09.11"]

1. d4 d5 2. c4 c6 3. Nf3 Nf6 4. e3 a6 5. Nc3 Bf5 6. Ne5 Nbd7 7. Qb3 Qc7 8. cxd5
cxd5 9. Nxd5 Nxd5 10. Qxd5 Nxe5 11. Qxe5 Qxe5 12. dxe5 e6 13. Bd2 Rc8 14. Be2
Be7 15. Bc3 h6 16. Bf3 Rc7 17. Rd1 O-O 18. O-O b6 19. Rd2 Rd8 20. Rxd8+ Bxd8 21.
Rd1 Be7 22. h3 Bc2 23. Rd4 a5 24. Kh2 Bb1 25. a4 Bc2 26. Be2 Bc5 27. Rd8+ Kh7
28. Bb5 Be4 29. Kg3 Bc6 30. Bd3+ g6 31. Bc2 Be7 32. Rb8 Bc5 33. h4 Kg7 34. Bb3
Rd7 35. Rc8 Bb7 36. Rb8 Bc6 37. Bc2 Rb7 38. Rxb7 Bxb7 39. Bd4 Bxd4 40. exd4 h5
41. f3 Kf8 42. Kf4 Bd5 43. Be4 Bb3 44. Bc6 Kg7 45. Kg5 Bc2 46. g4 hxg4 47. fxg4
Bd1 48. h5 gxh5 49. gxh5 Bc2 50. h6+ Kh7 51. Be8 Bg6 52. Kf6 Kxh6 53. Bxf7 Bc2
54. Bxe6 Bxa4 55. Bf7 1-0

[Event "Olimpiade 2024 - Donne"]
[Site "Budapest"]
[Date "21.09.2024"]
[Round "10.58"]
[Board "2"]
[White "Benson, Maud"]
[Black "Prommuang, Araya"]
[Result "0-1"]
[WhiteTitle "WCM"]
[BlackTitle "WCM"]
[WhiteElo "1682"]
[BlackElo "1753"]
[WhiteTeam "Ghana"]
[BlackTeam "Thailand"]
[WhiteFideId "12600857"]
[BlackFideId "6204996"]
[EventDate "2024.09.11"]

1. d4 d5 2. c4 e6 3. g3 c6 4. Bg2 dxc4 5. Nf3 b5 6. a4 Bb7 7. O-O Nd7 8. Qc2
Ngf6 9. b3 cxb3 10. Qxb3 a6 11. Nc3 Be7 12. Ne5 Nxe5 13. dxe5 Nd7 14. Rd1 Qc8
15. f4 O-O 16. Ne4 Nc5 17. Nxc5 Bxc5+ 18. e3 b4 19. a5 Be7 20. Bb2 c5 21. Qc4
Bxg2 22. Kxg2 Qc6+ 23. e4 Rfd8 24. Kf3 Qb5 25. Qxb5 axb5 26. Rxd8+ Bxd8 27. a6
Bb6 28. Ke2 c4 29. Bc1 b3 30. Be3 Bxe3 31. Kxe3 b2 32. Rb1 c3 33. Kd3 b4 34. Kc2
Rxa6 35. f5 Ra1 36. fxe6 fxe6 0-1

[Event "Olimpiade 2024 - Donne"]
[Site "Budapest"]
[Date "21.09.2024"]
[Round "10.58"]
[Board "3"]
[White "Mekarapiruk, Nathasha"]
[Black "Felix, Tobi"]
[Result "1-0"]
[BlackTitle "WCM"]
[WhiteElo "1728"]
[BlackElo "1677"]
[WhiteTeam "Thailand"]
[BlackTeam "Ghana"]
[WhiteFideId "6208487"]
[BlackFideId "12600989"]
[EventDate "2024.09.11"]

1. e4 c6 2. Nf3 d5 3. Nc3 dxe4 4. Nxe4 Nd7 5. Bc4 e6 6. Qe2 Ngf6 7. Neg5 Nb6 8.
Ne5 Nfd5 9. Ngxf7 Qf6 10. Nxh8 Nxc4 11. Nxc4 Bc5 12. O-O b5 13. Ne5 Nf4 14. Qe4
Bb7 15. d4 1-0

[Event "Olimpiade 2024 - Donne"]
[Site "Budapest"]
[Date "21.09.2024"]
[Round "10.58"]
[Board "4"]
[White "Dotse Dzidzor Esi"]
[Black "Tawankanjana, Sasinat"]
[Result "1/2-1/2"]
[WhiteElo "1530"]
[BlackElo "1612"]
[WhiteTeam "Ghana"]
[BlackTeam "Thailand"]
[WhiteFideId "12601470"]
[BlackFideId "6208894"]
[EventDate "2024.09.11"]

1. d4 d5 2. c4 e6 3. cxd5 exd5 4. Nc3 Nf6 5. Bg5 Be7 6. Nf3 c6 7. e3 Bf5 8. Be2
h6 9. Bxf6 Bxf6 10. O-O O-O 11. Rc1 Nd7 12. h3 Re8 13. Re1 Nf8 14. a3 a5 15. Na4
b5 16. Nc5 Ne6 17. Bd3 Bxd3 18. Nxd3 Qd6 19. a4 Rec8 20. Nd2 c5 21. Nxc5 Nxc5
22. dxc5 Rxc5 23. b3 Rxc1 24. Qxc1 bxa4 25. bxa4 Qd7 26. Qc2 Rc8 27. Qb3 Bc3 28.
Rd1 Bxd2 29. Rxd2 Rc1+ 30. Rd1 Rxd1+ 31. Qxd1 Qc6 32. Qb3 Qc1+ 33. Kh2 Qc7+ 34.
g3 Qd8 35. Kg2 d4 36. Qd3 Qa8+ 37. Kg1 dxe3 38. Qxe3 Qc6 39. Qd4 Qc1+ 40. Kg2
Qc7 41. Kf3 f6 42. Ke3 Qc1+ 43. Kd3 Qe1 1/2-1/2

[Event "Olimpiade 2024 - Donne"]
[Site "Budapest"]
[Date "21.09.2024"]
[Round "10.59"]
[Board "1"]
[White "Sagastegui, Thamara"]
[Black "Miladi, Amen"]
[Result "0-1"]
[BlackTitle "WFM"]
[WhiteElo "1544"]
[BlackElo "1851"]
[WhiteTeam "Aruba"]
[BlackTeam "Tunisia"]
[WhiteFideId "15900770"]
[BlackFideId "5503779"]
[EventDate "2024.09.11"]

1. e4 c5 2. c3 Nf6 3. e5 Nd5 4. d4 cxd4 5. cxd4 Nc6 6. Nf3 d6 7. Bc4 e6 8. O-O
Be7 9. Qe2 O-O 10. a3 Qb6 11. Rd1 Na5 12. Ba2 Nb3 13. Bxb3 Qxb3 14. Rd3 Qc4 15.
Qd1 Bd7 16. Nc3 Rac8 17. Nxd5 exd5 18. Bf4 Bf5 19. Rc3 Qa6 20. Rac1 dxe5 21.
Bxe5 Qb5 22. Rxc8 Rxc8 23. Rxc8+ Bxc8 24. Qc2 Qc4 25. Qxc4 dxc4 26. d5 Bc5 27.
Bd4 Bxd4 28. Nxd4 Kf8 29. Kf1 Ke7 30. Nb5 Bd7 31. Nc3 Kd6 32. Ke2 Kc5 33. Ke3 f5
34. f4 Be8 35. g3 Bf7 36. d6 Kxd6 37. Nb5+ Kc5 38. Nd4 g6 39. Nc2 Bd5 40. Nd4 b5
41. Ne2 a5 42. Nc3 b4 43. axb4+ axb4 44. Ne2 Be4 45. Nc1 Bc2 46. Ne2 Bd1 47. Nc1
b3 48. Kd2 Bg4 49. Ke3 Kd5 50. h3 Bh5 51. Kd2 Kd4 52. h4 Bg4 53. Ne2+ Bxe2 54.
Kxe2 c3 55. bxc3+ Kxc3 56. Kd1 b2 0-1